000 00609nam a2200181Ia 4500
003 GCL
008 140319s9999 xx 000 0 ara d
040 _aGCL /
_cGCL
082 0 4 _a379.24
_bا و
100 1 _aاحمد الاحمدين
245 1 0 _aالوقوف على الامية عند عرب الجاهلية /
_cاحمد الاحمدين
260 _aالقاهرة :
_bمركز الحضارة العربية للاعلام والنشر
300 _a141 ص ؛
_c24 سم
650 0 4 _aالجاهلية
650 0 4 _aالامية
650 0 4 _aالتعليم فى الجاهلية
942 _2ddc
_cBK
999 _c5128
_d5128